000 00937nam a2200253Ia 4500
003 OSt
005 20220923211429.0
006 a|||||r|||| 00| 0
007 ta
008 220922b |||||||| |||| 00| 0 hin d
020 _a9789350000038 (hbk)
_c695
024 _a246,857
037 _b375, 17/02/2011, Vani Prakashan
_cTextual
040 _aARTS
_cARTS
_bhin
041 _2hin
_ahin
082 _aO44(Y5927)wN60,1, 152P9
100 _aबेचैन, श्यौराज सिंह
_9156370
245 0 _aमेरा बचपन मेरे कंधों पर
246 _aMerā bachapan mere kandhoan para
260 _aनयी दिल्ली
_b वाणी प्रकाशन
_c2009
300 _a421पृ.
_ccm.
942 _hO44(Y5927)wN60,1, 152P9
_cTEXL
_2CC
999 _c299389
_d299389